000 00524nam a2200229Ia 4500
003 OSt
005 20221005130930.0
006 a|||||r|||| 00| 0
007 ta
008 221004b |||||||| |||| 00| 0 kan d
024 _a59266
037 _cTextual
040 _aCRL
_cCRL
_bkan
041 _2kan
_akan
082 _aK97, 33K9
100 _aNaidu
_9638886
245 0 _aSastangalu
260 _c1969
650 _aZOOLOGY
942 _hK97, 33K9
_cTEXL
_2cc
999 _c1058850
_d1058850